<?xml version="1.0" encoding="UTF-8"?><?xml-stylesheet type="text/xsl" href="static/style.xsl"?><OAI-PMH xmlns="http://www.openarchives.org/OAI/2.0/" xmlns:xsi="http://www.w3.org/2001/XMLSchema-instance" xsi:schemaLocation="http://www.openarchives.org/OAI/2.0/ http://www.openarchives.org/OAI/2.0/OAI-PMH.xsd"><responseDate>2026-06-07T19:15:58Z</responseDate><request verb="GetRecord" identifier="oai:docta.ucm.es:20.500.14352/137145" metadataPrefix="marc">https://docta.ucm.es/rest/oai/request</request><GetRecord><record><header><identifier>oai:docta.ucm.es:20.500.14352/137145</identifier><datestamp>2026-06-03T23:59:45Z</datestamp><setSpec>com_20.500.14352_14</setSpec><setSpec>col_20.500.14352_15</setSpec></header><metadata><record xmlns="http://www.loc.gov/MARC21/slim" xmlns:dcterms="http://purl.org/dc/terms/" xmlns:xsi="http://www.w3.org/2001/XMLSchema-instance" xmlns:doc="http://www.lyncode.com/xoai" xsi:schemaLocation="http://www.loc.gov/MARC21/slim http://www.loc.gov/standards/marcxml/schema/MARC21slim.xsd">
   <leader>00925njm 22002777a 4500</leader>
   <datafield ind2=" " ind1=" " tag="042">
      <subfield code="a">dc</subfield>
   </datafield>
   <datafield ind2=" " ind1=" " tag="720">
      <subfield code="a">Castaño Collado, Gloria</subfield>
      <subfield code="e">author</subfield>
   </datafield>
   <datafield ind2=" " ind1=" " tag="260">
      <subfield code="c">2009-07-15</subfield>
   </datafield>
   <datafield ind2=" " ind1=" " tag="520">
      <subfield code="a">Uno de los principios identificados en la guía de buena práctica en enseñanza superior es respectar la diversidad de talentos y de modos de aprender de nuestros estudiantes. Los modelos de estilos de aprendizaje nos facilitan el aplicar este principio en el aula. Uno de los modelos más relevantes en el estudio de los estilos de aprendizaje es el Modelo de Aprendizaje Experiencial propuesto por David Kolb. Este autor argumenta que la persona adulta aprende basándose en su experiencia, convirtiéndose ésta en la fuente más importante de aprendizaje. Este modelo establece cuatro estilos de aprendizaje adaptador, convergente, divergente y asimilador. Con respecto a los estudios de Terapia Ocupacional, diferentes autores encuentran que los estudiantes y profesionales de esta disciplina académica se corresponden mayoritariamente con los estilos convergente y adaptador. Estos estilos se caracterizan por una preferencia de la acción frente a la reflexión a la hora de procesar información. Como consecuencia se recomienda la utilización de métodos activos y demostrativos de enseñanza-aprendizaje frente a métodos más tradicionales como el expositivo.</subfield>
   </datafield>
   <datafield ind1="8" ind2=" " tag="024">
      <subfield code="a">Castaño-Collado, G. (2009). Aprendizaje Exteriencial y Terapia Ocupacional. Revista Electrónica de Informática en Terapia Ocupacional REITO, 44, p. 1-12</subfield>
   </datafield>
   <datafield ind1="8" ind2=" " tag="024">
      <subfield code="a">ISSN 1576-5385</subfield>
   </datafield>
   <datafield ind1="8" ind2=" " tag="024">
      <subfield code="a">https://hdl.handle.net/20.500.14352/137145</subfield>
   </datafield>
   <datafield ind1="8" ind2=" " tag="024">
      <subfield code="a">http://www.cs.urcj.es/revistas/reito/reito.htm</subfield>
   </datafield>
   <datafield ind2="0" ind1="0" tag="245">
      <subfield code="a">Aprendizaje experiencial y terapia ocupacional</subfield>
   </datafield>
</record></metadata></record></GetRecord></OAI-PMH>